[Event "Wch U12 Girls"]
[Site "Batumi"]
[Date "2016.10.29"]
[Round "10"]
[White "Ayinala, Shree"]
[Black "Hrebenshchykova, Yelyzaveta"]
[Result "1-0"]
[WhiteElo "1467"]
[BlackElo "1735"]
[PlyCount "63"]
[EventDate "2016.10.19"]
[EventType "swiss"]
[EventRounds "11"]
[EventCountry "GEO"]
[SourceTitle "EXT 2018"]
[Source "ChessBase"]
[SourceDate "2017.10.13"]
[SourceVersion "1"]
[SourceVersionDate "2017.10.13"]
[SourceQuality "1"]

1. c4 e5 2. Nc3 Nf6 3. g3 d5 4. cxd5 Nxd5 5. Bg2 Nb6 6. Nf3 Nc6 7. 0-0 Be7 8. d3 0-0 9. a3 Be6 10. b4 a5 11. b5 Nd4 12. Bb2 Bb3 13. Qc1 f6 14. Nxd4 exd4 15. Ne4 Na4 16. Rb1 Nxb2 17. Qxb2 a4 18. Rfc1 Ra5 19. Nc5 Bxc5 20. Rxc5 b6 21. Rcc1 Rxb5 22. Qd2 Re5 23. e3 Rfe8 24. e4 c5 25. f4 R5e7 26. Bf3 Qa8 27. Bd1 c4 28. Bxb3 axb3 29. Rxc4 Qxa3 30. Qb4 Qa2 31. Qxb3 Qe2 32. Rc2+ 1-0

[Event "Wch U12 Girls"]
[Site "Batumi"]
[Date "2016.10.28"]
[Round "9"]
[White "Ayinala, Shree"]
[Black "Khamenya, Vitalia"]
[Result "1/2-1/2"]
[WhiteElo "1467"]
[BlackElo "1636"]
[PlyCount "46"]
[EventDate "2016.10.19"]
[EventType "swiss"]
[EventRounds "11"]
[EventCountry "GEO"]
[SourceTitle "EXT 2018"]
[Source "ChessBase"]
[SourceDate "2017.10.13"]
[SourceVersion "1"]
[SourceVersionDate "2017.10.13"]
[SourceQuality "1"]

1. c4 e5 2. Nc3 d6 3. g3 g6 4. Bg2 Bg7 5. d3 Nc6 6. Rb1 Be6 7. e3 Qd7 8. b4 h5 9. b5 Nd8 10. h3 Nh6 11. Ba3 Nf5 12. e4 Nd4 13. Nce2 0-0 14. Nxd4 exd4 15. Ne2 Be5 16. Bb2 c5 17. Bc1 a6 18. a4 a5 19. Nf4 Re8 20. Nxe6 Nxe6 21. 0-0 Bf6 22. f4 Ng7 23. f5 g5 1/2-1/2

[Event "Wch U12 Girls"]
[Site "Batumi"]
[Date "2016.10.21"]
[Round "3"]
[White "Ayinala, Shree"]
[Black "Liiv, Karoliina"]
[Result "1-0"]
[WhiteElo "1467"]
[BlackElo "1226"]
[PlyCount "33"]
[EventDate "2016.10.19"]
[EventType "swiss"]
[EventRounds "11"]
[EventCountry "GEO"]
[SourceTitle "EXT 2018"]
[Source "ChessBase"]
[SourceDate "2017.10.13"]
[SourceVersion "1"]
[SourceVersionDate "2017.10.13"]
[SourceQuality "1"]

1. c4 e5 2. Nc3 Nf6 3. g3 c6 4. Nf3 e4 5. Nd4 d5 6. cxd5 cxd5 7. d3 Qa5 8. Nb3 Qb4 9. Bd2 exd3 10. Rc1 Bg4 11. h3 dxe2 12. Bxe2 Bf5 13. Nxd5 Qe4 14. Nc7+ Ke7 15. f3 Qe5 16. Bb4+ Qd6 17. Qxd6# 1-0

[Event "Wch U20 Girls 34th"]
[Site "Bhubaneswar"]
[Date "2016.08.17"]
[Round "9"]
[White "Lasya, Goli"]
[Black "Ayinala, Shree"]
[Result "1-0"]
[WhiteElo "2084"]
[BlackElo "1464"]
[PlyCount "93"]
[EventDate "2016.08.08"]
[EventType "swiss"]
[EventRounds "13"]
[EventCountry "IND"]
[SourceTitle "CBM 173 Extra"]
[Source "ChessBase"]
[SourceDate "2016.08.29"]
[SourceVersion "1"]
[SourceVersionDate "2016.08.29"]
[SourceQuality "1"]

1. e4 c5 2. Nf3 d6 3. c3 Nf6 4. Be2 g6 5. 0-0 Bg7 6. Bb5+ Bd7 7. Bxd7+ Qxd7 8. Re1 0-0 9. d4 cxd4 10. cxd4 Rd8 11. Nc3 Nc6 12. Qe2 e5 13. Bg5 Re8 14. dxe5 dxe5 15. Bxf6 Bxf6 16. Nd5 Bg7 17. Rac1 Rac8 18. Qb5 Rcd8 19. h3 Nd4 20. Qd3 Ne6 21. Qa3 b6 22. Red1 Nd4 23. Rc7 Qd6 24. Qxd6 Rxd6 25. Rxa7 f5 26. Nc3 Red8 27. Re1 Nc2 28. Rf1 Nd4 29. Rb7 Ne6 30. exf5 Nc5 31. Ra7 gxf5 32. Nh4 Rf8 33. Rd1 Rxd1+ 34. Nxd1 f4 35. b4 Nd3 36. a3 e4 37. Rd7 Ne5 38. Rd6 Nc4 39. Rd5 e3 40. Kf1 Nxa3 41. fxe3 fxe3+ 42. Ke2 Nc2 43. Nxe3 Re8 44. Nhf5 Nxb4 45. Rd7 Bf6 46. Nh6+ Kf8 47. Rf7# 1-0

[Event "Wch U20 Girls 34th"]
[Site "Bhubaneswar"]
[Date "2016.08.10"]
[Round "3"]
[White "Soyunlu, Narmin Asat Qizi"]
[Black "Ayinala, Shree"]
[Result "1/2-1/2"]
[WhiteElo "2074"]
[BlackElo "1464"]
[PlyCount "140"]
[EventDate "2016.08.08"]
[EventType "swiss"]
[EventRounds "13"]
[EventCountry "IND"]
[SourceTitle "CBM 173 Extra"]
[Source "ChessBase"]
[SourceDate "2016.08.29"]
[SourceVersion "1"]
[SourceVersionDate "2016.08.29"]
[SourceQuality "1"]

1. d4 Nf6 2. c4 g6 3. g3 Bg7 4. Bg2 0-0 5. Nc3 d6 6. Nf3 Nbd7 7. 0-0 e5 8. e4 exd4 9. Nxd4 Re8 10. h3 a6 11. Re1 Rb8 12. Be3 c5 13. Nc2 b5 14. cxb5 axb5 15. b4 Nh5 16. Bd2 Ne5 17. Rb1 Nc4 18. Nd5 Nxd2 19. Qxd2 Nf6 20. Rbd1 Nxd5 21. exd5 c4 22. Nd4 Bxd4 23. Qxd4 Bf5 24. Qc3 Qd7 25. Kh2 Ra8 26. Rxe8+ Rxe8 27. a4 Re2 28. Qf3 Rb2 29. axb5 Qxb5 30. Ra1 Rb3 31. Qf4 Qb6 32. Qxc4 Rxb4 33. Ra8+ Kg7 34. Qc3+ Qd4 35. Qxd4+ Rxd4 36. Rd8 Be4 37. Rxd6 Bxg2 38. Kxg2 Kf8 39. Kf3 Ke7 40. Ke3 Rd1 41. Ra6 Rxd5 42. Ke4 Rd6 43. Ra7+ Ke6 44. Ra8 Kf6 45. Kf4 h5 46. h4 Re6 47. f3 Rd6 48. Ra4 Re6 49. g4 hxg4 50. fxg4 Re1 51. Ra6+ Re6 52. g5+ Kg7 53. Rxe6 fxe6 54. Ke5 Kf7 55. Kd6 e5 56. Kxe5 Ke7 57. Kd5 Kd7 58. Kd4 Kd6 59. Ke4 Ke6 60. Kf4 Kf7 61. Ke3 Ke7 62. Kd3 Kd7 63. Ke4 Ke6 64. Kf4 Kf7 65. Kg4 Kg8 66. h5 gxh5+ 67. Kxh5 Kh7 68. g6+ Kg7 69. Kg5 Kg8 70. Kg4 Kg7 1/2-1/2

[Event "San Francisco Leighton Memorial"]
[Site "San Francisco"]
[Date "2015.08.25"]
[Round "4"]
[White "Chalissery, Jossy"]
[Black "Ayinala, Shree"]
[Result "0-1"]
[WhiteElo "1635"]
[BlackElo "1325"]
[PlyCount "66"]
[EventDate "2015.08.04"]
[EventType "swiss"]
[EventRounds "9"]
[EventCountry "USA"]
[SourceTitle "EXT 2023"]
[Source "ChessBase"]
[SourceDate "2022.10.05"]
[SourceVersion "1"]
[SourceVersionDate "2022.10.05"]
[SourceQuality "1"]

1. d4 Nf6 2. c4 g6 3. Nc3 Bg7 4. Nf3 0-0 5. g3 a6 6. Bg2 d6 7. 0-0 Nbd7 8. e4 e5 9. d5 Nc5 10. Qc2 a5 11. Be3 b6 12. a3 a4 13. Bxc5 bxc5 14. Nxa4 Nxe4 15. Nxe5 Bxe5 16. Bxe4 f5 17. Bd3 f4 18. Bxg6 hxg6 19. Qxg6+ Bg7 20. Nc3 Bf5 21. Qh5 Bd3 22. Rfe1 fxg3 23. hxg3 Qf6 24. Qh2 Bxc4 25. Re6 Qf3 26. Re3 Qf7 27. Qg2 Bd4 28. Rae1 Bxe3 29. Rxe3 Rae8 30. Re4 Rxe4 31. Nxe4 Bxd5 32. Nf6+ Qxf6 33. Qxd5+ Kg7 0-1

[Event "San Francisco TNM Fall op"]
[Site "San Francisco"]
[Date "2014.11.04"]
[Round "3"]
[White "Ayinala, Shree"]
[Black "Donnelly, Patrick T"]
[Result "0-1"]
[WhiteElo "1180"]
[BlackElo "1659"]
[PlyCount "60"]
[EventDate "2014.10.21"]
[EventType "swiss"]
[EventRounds "8"]
[EventCountry "USA"]
[SourceTitle "EXT 2016"]
[Source "ChessBase"]
[SourceDate "2015.10.08"]
[SourceVersion "1"]
[SourceVersionDate "2015.10.08"]
[SourceQuality "1"]

1. c4 e5 2. Nc3 Nf6 3. g3 Nc6 4. Bg2 Bc5 5. e3 0-0 6. Nge2 d6 7. 0-0 Be6 8. d4 Bb6 9. d5 Na5 10. dxe6 fxe6 11. b3 Nc6 12. Bb2 Qe7 13. a3 Rad8 14. Qc2 d5 15. cxd5 exd5 16. Rad1 Qf7 17. Qd2 Ne7 18. Qc2 Rd6 19. b4 Rfd8 20. Qb1 Qh5 21. Rfe1 c6 22. e4 Bxf2+ 23. Kxf2 Ng4+ 24. Kg1 Qxh2+ 25. Kf1 Rf8+ 26. Nf4 Rxf4+ 27. gxf4 Qxf4+ 28. Kg1 Qf2+ 29. Kh1 Rh6+ 30. Bh3 Rxh3# 0-1

[Event "San Francisco TNM Jay Whitehead op"]
[Site "San Francisco"]
[Date "2014.09.30"]
[Round "9"]
[White "Ayinala, Shree"]
[Black "Olson, David L"]
[Result "0-1"]
[WhiteElo "962"]
[BlackElo "1407"]
[PlyCount "74"]
[EventDate "2014.08.05"]
[EventType "swiss"]
[EventRounds "9"]
[EventCountry "USA"]
[SourceTitle "EXT 2016"]
[Source "ChessBase"]
[SourceDate "2015.10.08"]
[SourceVersion "1"]
[SourceVersionDate "2015.10.08"]
[SourceQuality "1"]

1. c4 c5 2. Nc3 Nc6 3. g3 g6 4. Bg2 Bg7 5. Nf3 Nf6 6. 0-0 0-0 7. d3 d5 8. cxd5 Nxd5 9. Bd2 e6 10. a3 a6 11. Nxd5 exd5 12. Rb1 a5 13. Qc1 b6 14. Re1 Re8 15. Bc3 d4 16. Bd2 f6 17. h4 Ra7 18. Nh2 Ne5 19. Bf4 Rae7 20. Bxe5 fxe5 21. b4 cxb4 22. axb4 Rc7 23. Qb2 a4 24. Qa2+ Kh8 25. Qxa4 Re6 26. Rbc1 Rc3 27. Rxc3 dxc3 28. Qc2 Qd4 29. Nf3 Qxb4 30. Rc1 e4 31. dxe4 Qxe4 32. Qxe4 Rxe4 33. e3 Rc4 34. Ng5 Bf6 35. f4 Bxg5 36. hxg5 b5 37. Bf1 Rc5 0-1

[Event "San Francisco TNM Jay Whitehead op"]
[Site "San Francisco"]
[Date "2014.09.09"]
[Round "6"]
[White "Ayinala, Shree"]
[Black "Sherwood, Peter"]
[Result "0-1"]
[WhiteElo "962"]
[BlackElo "1722"]
[PlyCount "126"]
[EventDate "2014.08.05"]
[EventType "swiss"]
[EventRounds "9"]
[EventCountry "USA"]
[SourceTitle "EXT 2016"]
[Source "ChessBase"]
[SourceDate "2015.10.08"]
[SourceVersion "1"]
[SourceVersionDate "2015.10.08"]
[SourceQuality "1"]

1. c4 Nf6 2. Nc3 g6 3. g3 Bg7 4. Bg2 Nc6 5. e3 d6 6. Nge2 e5 7. 0-0 0-0 8. d4 exd4 9. exd4 Bf5 10. a3 Qd7 11. Nf4 Rfe8 12. Nfd5 Rab8 13. Nxf6+ Bxf6 14. Nd5 Bg7 15. Be3 Ne7 16. Nc3 a6 17. c5 d5 18. b4 Bh3 19. Re1 Bxg2 20. Kxg2 Nf5 21. Qd2 Re6 22. Bf4 Rbe8 23. Rxe6 Rxe6 24. Be3 c6 25. Re1 Qe8 26. h4 Bxd4 27. Nd1 Nxe3+ 28. Nxe3 Bg7 29. Nc2 Rxe1 30. Nxe1 Qe4+ 31. f3 Qd4 32. Qxd4 Bxd4 33. Nc2 Bb2 34. Kf2 Kg7 35. Ke3 Kf6 36. a4 Ke5 37. f4+ Kf5 38. Kf3 Bc3 39. g4+ Ke6 40. Ke3 Bf6 41. a5 Bxh4 42. Nd4+ Kd7 43. f5 Bf6 44. Nc2 h5 45. Kf3 h4 46. Kg2 g5 47. Ne1 Ke7 48. Nd3 Bc3 49. Kh3 Kf6 50. Kg2 Bxb4 51. Nxb4 Ke5 52. Kf3 Kd4 53. Nc2+ Kxc5 54. f6 Kd6 55. Nd4 c5 56. Nf5+ Ke6 57. Ke3 Ke5 58. Kf3 d4 59. Ke2 c4 60. Kf3 c3 61. Ke2 h3 62. Kf3 c2 63. Ke2 c1Q 0-1

[Event "San Francisco TNM Jay Whitehead op"]
[Site "San Francisco"]
[Date "2014.08.14"]
[Round "2"]
[White "Ayinala, Shree"]
[Black "Hack, Richard"]
[Result "0-1"]
[WhiteElo "962"]
[BlackElo "1570"]
[PlyCount "52"]
[EventDate "2014.08.05"]
[EventType "swiss"]
[EventRounds "9"]
[EventCountry "USA"]
[SourceTitle "EXT 2016"]
[Source "ChessBase"]
[SourceDate "2015.10.08"]
[SourceVersion "1"]
[SourceVersionDate "2015.10.08"]
[SourceQuality "1"]

1. c4 f5 2. Nc3 g6 3. g3 Bg7 4. Bg2 Nf6 5. e3 0-0 6. Nge2 Nc6 7. 0-0 d6 8. d4 Bd7 9. Bd2 Rb8 10. b3 a6 11. a4 Qe8 12. Rb1 e5 13. h3 e4 14. Na2 g5 15. f3 Qg6 16. fxe4 fxe4 17. Qc2 Rbe8 18. g4 h5 19. Bf3 hxg4 20. hxg4 Bxg4 21. Rf2 Bxf3 22. Rxf3 Qh5 23. Rf2 Ng4 24. Rg2 Rf3 25. Rf1 Rh3 26. Ng3 Rxg3 0-1

[Event "San Francisco TNM Winter op"]
[Site "San Francisco"]
[Date "2014.01.07"]
[Round "1"]
[White "Bachseitz, Martin"]
[Black "Ayinala, Shree"]
[Result "1-0"]
[WhiteElo "1717"]
[BlackElo "760"]
[PlyCount "67"]
[EventDate "2014.01.07"]
[EventType "swiss"]
[EventRounds "8"]
[EventCountry "USA"]
[SourceTitle "EXT 2016"]
[Source "ChessBase"]
[SourceDate "2015.10.08"]
[SourceVersion "1"]
[SourceVersionDate "2015.10.08"]
[SourceQuality "1"]

1. e4 e5 2. Nf3 Nc6 3. Bb5 Nf6 4. 0-0 Bc5 5. Bxc6 dxc6 6. Nxe5 Be6 7. Nd3 Bb6 8. Nf4 Bg4 9. Qe1 0-0 10. h3 Bd7 11. c3 Re8 12. e5 h6 13. d4 c5 14. Be3 Nd5 15. Nxd5 Ba5 16. Nd2 c6 17. Nf4 cxd4 18. Bxd4 f6 19. Qe4 c5 20. Bxc5 Rxe5 21. Qc4+ Kh8 22. Ng6+ Kh7 23. Nxe5 Rc8 24. Qd3+ Kg8 25. Qd5+ Kh7 26. Nxd7 Rc7 27. Nf8+ Qxf8 28. Bxf8 Bb6 29. Rae1 Rc8 30. Qf5+ Kg8 31. Qxc8 Kh7 32. Qd7 Kg6 33. Qxg7+ Kf5 34. Qg4# 1-0